| 000 | 00914cac a22002651u 4500 | ||
|---|---|---|---|
| 090 | _c7574 | ||
| 008 | 081106t1988 xxu||||| |||| 00| 0 eng d | ||
| 010 | _a 88021201 | ||
| 020 | _a0156015781 | ||
| 082 | 0 | 0 |
_a004.0151 _bIWA |
| 100 | _aVan Iwaarden, John L. | ||
| 245 | 1 | 0 |
_aDiscrete structures : _bessential computer mathematics / _cJohn L. Van Iwaarden ; consulting editor, Herbert Dershem. |
| 250 | _a1st ed. | ||
| 260 |
_aSan Diego : _bHarcourt Brace Jovanovich, _cc1988. |
||
| 300 |
_avii, 398 p. : _bill. ; _c28 cm. |
||
| 440 | 0 | _aHarcourt Brace Jovanovich college outline series | |
| 440 | 0 | _aBooks for professionals | |
| 500 | _aIncludes index. | ||
| 500 | _adistributer: Al-Ahram | ||
| 511 | _acatalogued by: wessam | ||
| 650 | 0 |
_aComputer science _xMathematics. |
|
| 700 | 1 | _aDershem, Herbert. | |
| 942 |
_cBB _k004.0151IWA _2ddc |
||
| 999 |
_c7574 _d7574 |
||